000 00689nam a2200241 a 4500
001 53640
003 BD-RjUL
005 20211209080008.0
008 161019s1964 nyua b 001 0 eng
035 _a(BD-RjUL)53762
040 _aDLC
_cDLC
_dDLC
_dBD-RjUL
_beng
041 _aeng
082 0 0 _a574.87
_bCOE 1964
_223
100 1 _aCohn, Norman S.
_941943
245 1 0 _aElements of cytology /
_cNorman S. Cohn.
260 _aNew York :
_bHarcourt, Brace & World,
_cc1964.
300 _axvi, 368 p. :
_bill. ;
_c24 cm.
504 _aIncludes bibliographies and index.
650 0 _aCytology.
_941944
650 0 _a Cell Biology
_9160295
942 _2ddc
_cBK
999 _c53640
_d53640